000 00661nam a2200205 a 4500
001 000040338
005 20201002034052.0
008 130821s2005 mx 000 0 spa d
020 _a9703216862
040 _aDO-SdBNP
_bspa
_cBNPHU
100 1 _aCardoso, Onelio Jorge
_d1914-
_966636
245 1 3 _aTaita diga usted cómo /
_cOnelio Jorge Cardoso ; viñetas de Rigol.
260 _aMéxico :
_bUniversidad Nacional Autónoma de México,
_c2005.
300 _a30 p. ;
_c22 cm.
490 1 _aLunes
_v6
533 _aFacsímil:
_bMéxico
_d1945
700 1 _aRigol
_966627
710 0 _aUniversidad Nacional Autónoma de México
_942447
830 0 _aLunes
_v6
_966616
999 _c39828
_d39828